Comunicación y consulta acerca del riesgo : (Registro nro. 6175)
[ vista simple ]
| 000 -LEADER | |
|---|---|
| fixed length control field | 01219nam a2200265Ia 4500 |
| 003 - CONTROL NUMBER IDENTIFIER | |
| control field | OSt |
| 005 - DATE AND TIME OF LATEST TRANSACTION | |
| control field | 20201028214853.0 |
| 008 - FIXED-LENGTH DATA ELEMENTS--GENERAL INFORMATION | |
| fixed length control field | 191128s2011 ck gr 000 0 spa d |
| 020 ## - INTERNATIONAL STANDARD BOOK NUMBER | |
| International Standard Book Number | 9789588585253 |
| 040 ## - CATALOGING SOURCE | |
| Original cataloging agency | CO-JMCR |
| Transcribing agency | CO-JMCR |
| 041 0# - LANGUAGE CODE | |
| Language code of text/sound track or separate title | spa |
| 082 04 - DEWEY DECIMAL CLASSIFICATION NUMBER | |
| Classification number | 658.45 / |
| Item number | I577c |
| Edition number | 23 |
| 110 1# - MAIN ENTRY--CORPORATE NAME | |
| Corporate name or jurisdiction name as entry element | Instituto Colombiano de Normas Técnicas y Certificación |
| 9 (RLIN) | 2169 |
| 245 10 - TITLE STATEMENT | |
| Title | Comunicación y consulta acerca del riesgo : |
| Remainder of title | HB 327:2010 / |
| Statement of responsibility, etc. | Instituto Colombiano de Normas Técnicas y Certificación |
| 260 ## - PUBLICATION, DISTRIBUTION, ETC. | |
| Place of publication, distribution, etc. | Bogotá : |
| Name of publisher, distributor, etc. | Icontec, |
| Date of publication, distribution, etc. | 2011 |
| 300 ## - PHYSICAL DESCRIPTION | |
| Extent | 32 páginas ; |
| Dimensions | 30 cm. |
| 505 0# - FORMATTED CONTENTS NOTE | |
| Formatted contents note | ¿Por qué hacerlo? -- ¿Cómo hacerlo? |
| 520 3# - SUMMARY, ETC. | |
| Summary, etc. | Documento preparado en unión entre Standards Australia y el grupo de trabajo de Standards de New Zealand, con la guía del comité OB/007 de Gestión de riesgo; es una guía para las normas AS/NZS ISO 31000:20091 (NTC-ISO 31000:2011) y HB 436:20042. Este manu |
| 650 14 - SUBJECT ADDED ENTRY--TOPICAL TERM | |
| Topical term or geographic name entry element | Administración de riesgos |
| General subdivision | normas técnicas |
| 9 (RLIN) | 12174 |
| 650 14 - SUBJECT ADDED ENTRY--TOPICAL TERM | |
| Topical term or geographic name entry element | Factores de riesgo psicosociales |
| General subdivision | normas técnicas |
| 9 (RLIN) | 12175 |
| 650 14 - SUBJECT ADDED ENTRY--TOPICAL TERM | |
| Topical term or geographic name entry element | Administración de riesgos |
| 9 (RLIN) | 8063 |
| 650 14 - SUBJECT ADDED ENTRY--TOPICAL TERM | |
| Topical term or geographic name entry element | Gestión integral del riesgo |
| 9 (RLIN) | 12176 |
| 650 14 - SUBJECT ADDED ENTRY--TOPICAL TERM | |
| Topical term or geographic name entry element | Evaluación de riesgo |
| 9 (RLIN) | 12177 |
| 942 ## - ADDED ENTRY ELEMENTS (KOHA) | |
| Source of classification or shelving scheme | Dewey Decimal Classification |
| Koha item type | Books |
| Withdrawn status | Lost status | Source of classification or shelving scheme | Damaged status | Not for loan | Collection code | Home library | Current library | Date acquired | Source of acquisition | Total Checkouts | Full call number | Barcode | Date last seen | Date last checked out | Copy number | Koha item type |
|---|---|---|---|---|---|---|---|---|---|---|---|---|---|---|---|---|
| Dewey Decimal Classification | Non-fiction | Biblioteca Pública José María del Castillo y Rada | Biblioteca Pública José María del Castillo y Rada | 04/15/2018 | Donación | 1 | 658.45 / I577c | 430012123 | 11/24/2025 | 11/24/2025 | Ej.1 | Books |